000 00422nam a22001817a 4500
003 MPLRDC
005 20220104113925.0
008 210129b ||||| |||| 00| 0 eng d
082 _a848.2 YD v.24
100 _a隐地著
245 _a幻想的男子
_c
250 _a五印
260 _a
_b尔雅出版社
_c1987
300 _b
490 _a尔雅丛书;60
650 _a现代别集
942 _cBK
_o848.2 YD v.24
999 _c3419
_d3409